000 01379cam a22003494a 4500
999 _c7442
_d7442
001 12774265
003 OSt
005 20211111103643.0
008 020514s2002 enka b 001 0 eng
010 _a 2002282234
020 _a0340742194 (hb)
020 _a0340742208 (pb)
040 _aDLC
_cMUST
_dDLC
042 _apcc
050 0 0 _aGB5014
_b.M3964 2002
082 0 0 _a577.2McG 2002
_221
100 1 _aMcGuire, Bill,
_d1954-
_915254
245 1 0 _aNatural hazards and environmental change /
_cBill McGuire, Ian Mason, Christopher Kilburn.
260 _aLondon :
_bArnold ;
_aNew York :
_bOxford University Press,
_c2002.
300 _axii, 187 p. :
_bill. ;
_c26 cm.
440 0 _aKey issues in environmental change
_91896
504 _aIncludes bibliographical references (p. [165]-180).
650 0 _aNatural disasters
_xEnvironmental aspects.
_915255
650 0 _aEcological disturbances.
_915256
700 1 _aMason, Ian
_q(Ian M.)
_915257
700 1 _aKilburn, Christopher R. J.
_915258
856 4 2 _3Publisher description
_uhttp://www.loc.gov/catdir/enhancements/fy0614/2002282234-d.html
856 4 1 _3Table of contents only
_uhttp://www.loc.gov/catdir/enhancements/fy0614/2002282234-t.html
906 _a7
_bcbc
_corignew
_d2
_encip
_f20
_gy-gencatlg
942 _2lcc
_cO_SHELF